000 01416cam a2200265 i 4500
003 SA-RiAUC
005 20260316115907.0
008 260303s1909 ua g 000r0 ara c
040 _aSA-JeALM
_bara
_cSA-RiAUC
_erda
082 0 4 _a412
_qSA-RiAUC
090 _aم ن 412
_bم غ ر
100 1 _aالمغربي، عبد القادر بن مصطفى،
_d1868-1956
_eمؤلف.
245 1 0 _aكتاب الاشتقاق والتعريب :
_bيبحث في ما يعرض للغة العربية من تكاثر كلماتها بواسطتي الاشتقاق والتعريب وأن هذا الأخير طبيعي في لغتنا وفي غيرها من اللغات وأن استعمال المعرب لا يحط من قدر فصاحة الكلام والاستشهاد على ذلك /
_cتأليف عبد القادر بن مصطفى المغربي.
246 3 0 _aالاشتقاق والتعريب
264 1 _a[مكان النشر غير محدد] :
_b[الناشر غير محدد]،
_c1909
264 3 _aالقاهرة :
_bمطبعة الهلال
300 _a146 صفحة ؛
_c29 سم
336 _aنص
_btxt
_2rdacontent
_3كتاب
337 _aبدون وسيط
_bn
_2rdamedia
338 _aمجلد
_bnc
_2rdacarrier
650 7 _aاللغة العربية
_xاشتقاق
_2aucsh
650 7 _aالترجمة العربية
_2aucsh
942 _2ddc
_cRBOOK COPY
_n0
949 _aSA-JeALM
_d260303
_umohamedma123
_n1
999 _c14621
_d14621